Регионална библиотека "Любен Каравелов" - Русе

Възходът на Седемте (Запис номер 345332)

MARC детайли
000 -Лидер
Контролно поле с фиксирана дължина 01076nam a2200301 a 4500
003 - Код на организацията, давaща контролен номер
Контролно поле BLK
005 - Дата и час на последна редакция
Контролно поле 20241213094123.0
008 - Елементи от данни с фиксирана дължина
fixed length control field 190919b bu |||||r|||| 00| 0 bu d
020 ## - Международен стандартен номер на книга ISBN
Международен стандартен номер на книга ISBN 9786199085455
040 ## - Източник на каталожния запис
Идентификатор на билиотеката - собственик на записа BLK
041 ## - Код за език
Код за езика на текст/звукозапис или на отделно заглавие Български
Код за езика КДБФ Български
080 ## - УДК
Текстов определител УДК Българска литература
УДК код - определител по УДК 821.163.2
УДК определител -312.9
УДК - код + определител 821.163.2-312.9
100 ## - Редна дума - Автор
R(LIN) 396461
Автор Кючуков, Любомир Ламбов
139 ## - Редно поле
Редна дума Кючуков, Любомир Ламбов
Авторски знак Кю - К 99
245 ## - Сведения за заглавието
Заглавие Възходът на Седемте
Редно поле (дума) Любомир Кючуков ; ил. Добромир Томов
257 ## - Страна на издаване
Страна на създаване/издаване България
260 ## - Област на издателските данни
9 (RLIN) 390449
Място на издаване, разпространение и проч. София
Име на издателя, разпространителя и проч. Акцент 96
Година на издаване 2018
300 ## - Физическа характеристика
Страници 400 с.
Илюстрации и др. с ил.
Размери/Мащаб 21 см
380 ## - Жанр
Жанр Худож. лит.
490 ## - СЕРИИ (Колекции)
9 (RLIN) 496302
Име на серия Съдбата на Светлородните
№: серия Кн. 1
500 ## - Общи забележки
Забележка За автора: с. 398
700 ## - Други автори (авторска отговорност)
9 (RLIN) 538
Лично име Томов, Добромир Томов
Автороска отговорност (Описва отношението между автора и произведението) дизайн
852 ## - Местоположение
Фондова буква Хранилище
942 ## - АРТИКУЛИ
Вид на библиотечния материал Книги
Скрит в OPAC Не
Периодичен библиозапис Да
Koha issues (borrowed), all copies 5
944 ## - СЪЗДАВАНЕ И РЕДАКЦИЯ на ЗАПИСА
Създаване/Редакция Създаване
Дата на регистрацията/редакция 2019-09-19
Служител, извършил регистрацията/редакцията 30540
Статус, дата на статуса Севдалина Тодорова
999 ## - СИСТЕМНИ КОНТРОЛНИ НОМЕРА
Koha biblionumber 345332
Koha biblioitemnumber 345332
999 ## - СИСТЕМНИ КОНТРОЛНИ НОМЕРА
Koha biblioitemnumber 345332
999 ## - СИСТЕМНИ КОНТРОЛНИ НОМЕРА
Koha biblioitemnumber 345332
Наличности
Код за отписване Код за изгубен артикул Източник на класификационната схема Код за повреда Коз за рестрикции Код за отдаване Артикулен № Име на библиотеката - собственик Име на библиотеката, в която се намира в момента Статус (Текущо местоположение) Дата на вписване в системата Местоположение - отдел Цена в лева Систематично азбучна сигнатура Баркод Цена в евро Служебен тип на артикула
  Не е изгубен Universal Decimal Classification Не е повреден само за читалня ползва се в читалня 746266 Регионална библиотека "Любен Каравелов" Русе Регионална библиотека "Любен Каравелов" Русе Хранилище 2019-09-24 Хранилище 16.99 Цб 296955 120000836528 8.69 Книги
  Не е изгубен Universal Decimal Classification Не е повреден без рестрикции заемане за дома 837045 Регионална библиотека "Любен Каравелов" Русе Регионална библиотека "Любен Каравелов" Русе Заемна - подръчен фонд 2021-06-16 Заемна - подръчен фонд 16.99 821.163.2-31/К 99 Л 120000856423 8.69 Книги
Vip Innovations Ltd, Rousse, Bulgaria 2025